Alimentación y salud

Enregistré dans:
Détails bibliographiques
Format: Livre
Langue:espagnol
Publié: Santiago S.N.S 1965
Collection:Serie de alimentación
Sujets:
Tags: Ajouter un tag
Pas de tags, Soyez le premier à ajouter un tag!

MARC

LEADER 00000nam a2200000 a 4500
001 UCW5201
003 CL-VaPUC
008 910108e19650000CL |||||||||||||||||spa|d
082 0 4 |a 641.1  |b ALI  |2 21 
245 1 0 |a Alimentación y salud 
300 |a 55 p 
942 |c BK 
945 |d 19910108 00:00:00 
260 |a Santiago  |b S.N.S  |c 1965 
650 0 |a Nutrición   |9 259434 
650 0 |a Salud  |9 258663 
650 7 |a DIETETICA  |2 CL-VaPUC  |9 259618 
583 |a last modification  |c 20170911 03:23:00  |k Rodrigo Vera 
490 0 |a Serie de alimentación 
999 |c 218686  |d 218684 
952 |0 0  |1 0  |4 0  |6 641_100000000000000_ALI_1965  |7 0  |8 P  |9 208624  |a BIBEDU  |b BIBEDU  |c BIBEDU_PB  |d 2019-11-15  |i 2764962  |o 641.1 ALI 1965  |p 2764962  |r 2024-01-25  |w 2019-11-15  |y BK  |k EDU